| 000 | 01401nam a2200337Ia 4500 | ||
|---|---|---|---|
| 003 | PE SENCICO BE | ||
| 005 | 20251020182435.0 | ||
| 008 | 200515s9999 xx 000 0 und d | ||
| 020 | _a978-3-8365-7242-2 | ||
| 040 |
_aPE SENCICO BE _cPE SENCICO BE |
||
| 041 |
_aspa _aita _apor |
||
| 082 |
_a720.92 _bJ65C |
||
| 100 | 1 |
_aJodidio, Philip _9373 _eautor |
|
| 245 | 1 | 0 |
_aCalatrava : _bSantiago Calatrava complete works 1979 - today / _cPhilip Jodidio |
| 250 | _a[1a ed.] | ||
| 260 |
_aColonia, Alemania : _bTaschen, _c2018 |
||
| 300 |
_a619 páginas : _bilustraciones a color, láminas ; _c30 cm. |
||
| 504 | _aBibliografía: p. 618-619. | ||
| 520 | _aEsta monografía actualizada de Calatrava incluye todas sus obras de colaboración originales, así como muchos de los proyectos más recientes, como la Estación Mediopadana de Reggio Emilia (Italia), el Museo del Mañana de Rio de Janeiro y obras en construcción como el Pabellón de los Emiratos Árabes Unidos para la Exposición de 2020 en Dubai. | ||
| 600 | 1 | 0 |
_91478 _aCalatrava, Santiago _d1951- |
| 650 | 1 | 0 |
_aArquitectos _9282 |
| 650 | 2 | 0 |
_aArquitectura moderna _9191 |
| 650 | 2 | 0 |
_aDiseño arquitectónico _918 |
| 650 | 2 | 0 |
_aArquitectura urbana _9570 |
| 650 | 2 | 0 |
_aDiseño urbano _9762 |
| 650 | 2 | 0 |
_aArquitectura occidental _91450 |
| 650 | 2 | 0 |
_aPuentes _9353 |
| 651 | 0 |
_91025 _aEspaña |
|
| 942 |
_cLIB _2ddc |
||
| 999 |
_c352 _d352 |
||